Indice
Salvato in:
| Ente Autore: | |
|---|---|
| Natura: | Libro |
| Lingua: | spagnolo |
| Pubblicazione: |
Pamplona
Folio
1997
|
| Serie: | Biblioteca IESE de Gestión de Empresas
|
| Soggetti: | |
| Tags: |
Aggiungi Tag
Nessun Tag, puoi essere il primo ad aggiungerne!!
|
MARC
| LEADER | 00000nam a2200000 a 4500 | ||
|---|---|---|---|
| 001 | UCP9201 | ||
| 003 | CL-VaPUC | ||
| 008 | 000324e19970000sp |||||||||||||||||spa|d | ||
| 082 | 0 | 4 | |a 658 |b UNI |2 21 |
| 110 | 2 | |a Universidad de Navarra |e author |9 439628 | |
| 245 | 1 | 0 | |a Indice |
| 300 | |a 154 p | ||
| 942 | |c BK | ||
| 945 | |d 20000324 00:00:00 |a rbrito | ||
| 260 | |a Pamplona |b Folio |c 1997 | ||
| 650 | 0 | |a Administración |9 259325 | |
| 650 | 0 | |a Gestión de empresas |9 433832 | |
| 650 | 0 | |a Empresas |9 255569 | |
| 650 | 0 | |a Ìndices |9 258316 | |
| 583 | |a last modification |c 20171011 10:59:18 |k Rodrigo Vera | ||
| 490 | 0 | |a Biblioteca IESE de Gestión de Empresas | |
| 999 | |c 286041 |d 286039 | ||
| 952 | |0 0 |1 0 |4 0 |6 658_000000000000000_UNI_1997 |7 0 |8 F |9 331287 |a BIBENE |b BIBENE |d 2019-11-20 |i 3592367 |o 658 UNI 1997 |p 3592367 |r 2025-01-15 |w 2019-11-20 |y BK_F |k ICO | ||